Vista normal Vista MARC
  • TRIAGE HOSPITALARIO

Entrada Término temático

Número de registros utilizados en: 1

001 - NÚMERO DE CONTROL

  • campo de control: 8390

003 - IDENTIFICADOR DE NÚMERO DE CONTROL

  • campo de control: Iste

005 - FECHA Y HORA DE LA ÚLTIMA TRANSACCIÓN

  • campo de control: 20251201170229.0

008 - ELEMENTOS DE DATO DE LONGITUD-FIJA

  • campo de control de longitud fija: 251201|| aca||aabn | a|a d

040 ## - FUENTE DE CATALOGACIÓN

  • Centro catalogador/agencia de origen: Iste
  • Centro/agencia transcriptor: Iste

150 ## - ENCABEZAMIENTO--TÉRMINO DE MATERIA

  • Término de materia o nombre geográfico como elemento de entrada: TRIAGE HOSPITALARIO

670 ## - FUENTE DE DATOS ENCONTRADOS

  • Cita de la fuente: Work cat.: (Iste)1681: Mínguez Navarro, M.C. Autor Autor 8389, Manual de clasificación y triage del paciente pediátrico en urgencias., 2020